|
|
|
|
| LEADER |
00000nas a22000004a 4500 |
| 001 |
AR-BbUGT7081 |
| 003 |
AR-BbUGT |
| 005 |
20181220002325.0 |
| 007 |
ta |
| 008 |
180611c1970 |||qr|p |||||0|||||fre d |
| 022 |
|
|
|a 2738479804
|
| 040 |
|
|
|a AR-BbUGT
|c AR-BbUGT
|
| 082 |
0 |
4 |
|a 711.2
|
| 245 |
0 |
0 |
|a Espaces et Sociétés
|
| 260 |
|
|
|a Paris :
|b L'Harmattan,
|c [1970] - .
|
| 300 |
|
|
|a v. ;
|c 24 cm.
|
| 310 |
|
|
|a Trimestral
|
| 362 |
1 |
|
|a No. 1 (nov. 1970) - .
|
| 500 |
|
|
|a Descripción basada en: No. 96 (1999).
|
| 866 |
|
0 |
|a No. 96 (Año 1999) - No. 97 (Año 1999) - No. 103 (Año 2000) - No. 99 (Año 1999) - No. 100 (Año 2000) - No. 101 (Año 2001)
|
| 942 |
|
|
|c CR
|h 711.2
|m HEM
|6 711_200000000000000
|
| 999 |
|
|
|c 12624
|d 12624
|